Online
Catalog
Normal view MARC view

Entry Nombre de reunión

Number of records used in: 1

001 - NÚMERO DE CONTROL

  • campo de control: 80240

003 - IDENTIFICADOR DEL NÚMERO DE CONTROL

  • campo de control: DO-SdBNP

005 - FECHA Y HORA DE LA ÚLTIMA TRANSACCIÓN

  • campo de control: 20211015134143.0

008 - DATOS DE LONGITUD FIJA

  • campo de control de longitud fija: 211015|| aca||aabn | a|a d

040 ## - FUENTE DE LA CATALOGACIÓN

  • Centro catalogador/agencia de origen: DO-SdBNP
  • Centro/agencia transcriptor: DO-SdBNP

111 ## - ENCABEZAMIENTO--NOMBRE DE CONGRESO/REUNIÓN

  • Nombre de congreso/reunión o jurisdicción como elemento de entrada: Foro: Propuesta multisectorial en género y migración: eliminación de toda violencia contra la mujer
  • Fecha del congreso/reunión: (2016:
  • Sede del congreso/Lugar de la reunión: Santo Domingo, República Dominicana)
  • Término indicativo de función/relación: Instituto Nacional de Migración (IMN RD)

670 ## - FUENTE DE DATOS ENCONTRADOS

  • Cita de la fuente: Work cat.: (DO-SdBNP): 75397, Propuesta multisectorial en género y migración: eliminación de toda violencia contra la mujer /, 2017

Powered by Koha